=LDR 00000nam 2200000 4500 =990 ##$$a 105/TP-24 =001 INLIS000000000011490 =005 20240602110428 =035 ##$$a 0010-0524000870 =007 ta =008 240602################g##########f#ind## =020 ##$$a 978-602-9498-24-0 =082 ##$$a 899.2213 =084 ##$$a 899.2213 PAB s =100 #$$a PABICHARA, Khrishna =245 1#$$a Sepatu Dahlan /$c Khrishna Pabichara; Penyunting : Suhindrati Shinta, Rina Wulandari =250 ##$$a Cetakan 1 Mei =260 ##$$a Jakarta :$b Noura Books,$c 2012 =300 ##$$a 390 halaman ; $c 14 x 21 cm$e Biografi =650 #4$$a Fiksi Indonesia =520 ##$$a mengejar cita-cita besarnya : Sepeda dan Sepatu =600 #4$$a Titipan 2024 =856 ##$$a OPAC (Pojok Baca - Unit SPI)